000 00760pam a2200241 a 4500
008
020 _a0750619996 (pbk.)
049 _aMAIN
090 _aTK7871.9
_bAMO
100 1 _aAmos, S.W.
245 1 0 _aPrinciples of transistor circuits :
_bintroduction to the design of amplifiers, receivers, and digital circuits /
_cS.W. Amos.
250 _a8th ed.
260 _aOxford ;
_aBoston :
_bButterworth-Heinemann,
_c1994.
300 _avi, 394 p. :
_bill. ;
_c22 cm.
500 _aIncludes index.
650 0 _aTransistor circuits.
650 0 _aElectronic circuit design.
907 _a.b10065003
_b17-09-12
_c17-04-03
003
005 20230123124936.0
040 _cNUST
942 _cBOOKS
_kTK7871.9
_mAMO
999 _c132971
_d132971